000 00827nas a2200253 4500
001 BR2015002010
003 BR-BrBNA
005 20231205125309.0
007 ta
008 230509b bl.|||p| |||| 00| 00por d
040 _aBR-BrBNA
_bpor
_cBiblioteca Nacional de Agricultura
041 _a(P)
072 _aM12; E71; E70
100 1 _aFurlan, E.F.
245 1 _aValorização da qualidade do camarão sete-barbas (Xiphopenaeus Kroyeri)desembarcado no litoral de São Paulo, Brasil
650 _aCAMARÃO SETE BARBAS
650 _aCRUSTACEO
650 _aQUALIDADE
650 _aCOMERCIALIZAÇÃO
650 _aEXPORTAÇÃO
773 0 _tBoletim do Instituto de Pesca (Brazil)
_xISSN 0046-9939
_g(Jul-Sep 2011), v. 37(3) p. 317-326
_wBR2015002010
909 _a202311
_bLúcia
_c55
_dLúcia Elande
942 _2AGRIS
_n0
_cANA
999 _c243666
_d243666